| 000 | 00629aam a2200229 4500 | ||
|---|---|---|---|
| 005 | 20161117124849.0 | ||
| 008 | 150630b xxu||||| |||| 00| 0 spa d | ||
| 041 | _aEspañol | ||
| 082 | _a972.865 T693n | ||
| 100 |
_aTorres, Jose Luis _927373 |
||
| 245 | _aNaranjo y su historia (1835-1951) | ||
| 260 |
_aCosta Rica _bEUNED _c2007 |
||
| 300 | _a324 páginas | ||
| 650 |
_aCOSTA RICA _932655 |
||
| 650 |
_aNARANJO _927375 |
||
| 650 |
_aHISTORIA _943 |
||
| 650 |
_aGEOGRAFÍA _91138 |
||
| 650 |
_aCANTONES DE COSTA RICA _97675 |
||
| 650 |
_aCARACTERISTICAS DE NARANJO _927376 |
||
| 650 |
_aCOLONIZACIÓN _916902 |
||
| 942 | _cBK | ||
| 999 |
_c3199 _d3199 |
||